000 00642cab a2200205 4500
001 L136190
008 070117n2007 000 0 eng u
035 _a(Sirsi) u136190
041 0 _aeng
100 1 _aLegg, Jonathan
245 0 0 _aPlan well in advance
260 _c2007
490 0 _aEstates Gazette
_v(0702) 13 January 2007, 120-121(2)
520 _aLooks at the effects of Stamp Duty Land Tax on three development examples, arguing that the situation is becoming more complicated.
590 _aKA
650 2 4 _aSTAMP DUTY LAND TAX
651 4 _aEngland and Wales
_y1543-
690 _aPROPERTY-PROPERTY TAXATION
942 _n0
999 _c78179
_d78179